<?xml version="1.0" encoding="UTF-8"?>
<record
    xmlns:xsi="http://www.w3.org/2001/XMLSchema-instance"
    xsi:schemaLocation="http://www.loc.gov/MARC21/slim http://www.loc.gov/standards/marcxml/schema/MARC21slim.xsd"
    xmlns="http://www.loc.gov/MARC21/slim">

  <leader>02169cam a22002415a 4500</leader>
  <controlfield tag="001">18144272</controlfield>
  <controlfield tag="005">20160824123834.0</controlfield>
  <controlfield tag="008">140508s2015    enk    frb    001 0 eng d</controlfield>
  <datafield tag="020" ind1=" " ind2=" ">
    <subfield code="a">9780415870054</subfield>
  </datafield>
  <datafield tag="040" ind1=" " ind2=" ">
    <subfield code="a">DLC</subfield>
    <subfield code="b">eng</subfield>
    <subfield code="c">DLC</subfield>
    <subfield code="d">DLC</subfield>
    <subfield code="d">EG-ScBUE</subfield>
  </datafield>
  <datafield tag="082" ind1="0" ind2="4">
    <subfield code="a">338.5</subfield>
    <subfield code="2">22</subfield>
    <subfield code="b">BAN</subfield>
  </datafield>
  <datafield tag="100" ind1="1" ind2=" ">
    <subfield code="a">Banerjee, Samiran.</subfield>
    <subfield code="9">40850</subfield>
  </datafield>
  <datafield tag="245" ind1="1" ind2="0">
    <subfield code="a">Intermediate microeconomics :</subfield>
    <subfield code="b">a tool-building approach /</subfield>
    <subfield code="c">Samiran Banerjee.</subfield>
  </datafield>
  <datafield tag="260" ind1=" " ind2=" ">
    <subfield code="a">Oxon ;</subfield>
    <subfield code="a">New York :</subfield>
    <subfield code="b">Routledge / Taylor &amp; Francis Group,</subfield>
    <subfield code="c">2015.</subfield>
  </datafield>
  <datafield tag="300" ind1=" " ind2=" ">
    <subfield code="a">xv, 325 p. ;</subfield>
    <subfield code="c">25 cm.</subfield>
  </datafield>
  <datafield tag="500" ind1=" " ind2=" ">
    <subfield code="a">Index : p. 320-325.</subfield>
  </datafield>
  <datafield tag="504" ind1=" " ind2=" ">
    <subfield code="a">Includes bibliographical references.</subfield>
  </datafield>
  <datafield tag="520" ind1=" " ind2=" ">
    <subfield code="a">"Intermediate Microeconomics: A Tool-Building Approach is a clear and concise, calculus-based exposition of current microeconomic theory essential for students pursuing degrees in Economics or Business. This beautifully-presented and accessible text covers all the essential topics that are typically required at the intermediate level, from consumer and producer theory to market structure (perfect competition, monopoly and oligopoly). Topics covered include risk, game theory, general equilibrium and externalities, asymmetric information, and public goods. Using numerical examples as well as sophisticated and carefully designed exercises, the book aims to teach microeconomic theory via a process of learning-by-doing. When there is a skill to be acquired, a list of steps outlining the procedure is provided, followed by an example to illustrate how this procedure is carried out. Once the procedure has been learned, students will be able to solve similar problems and be well on their way to mastering the skills needed for future study.Intermediate Microeconomics presents a tremendous amount of material in a concise way, without sacrificing rigor, clarity or exposition. Through use of this text, students will acquire both the analytical toolkit and theoretical foundations necessary in order to take upper-level courses in industrial organization, international trade, public finance and other field courses"--</subfield>
  </datafield>
  <datafield tag="650" ind1=" " ind2="7">
    <subfield code="a">Microeconomics.</subfield>
    <subfield code="2">BUEsh</subfield>
    <subfield code="9">5599</subfield>
  </datafield>
  <datafield tag="651" ind1=" " ind2=" ">
    <subfield code="2">BUEsh</subfield>
  </datafield>
  <datafield tag="653" ind1=" " ind2=" ">
    <subfield code="b">BUSECO</subfield>
    <subfield code="c">August 2016	</subfield>
  </datafield>
  <datafield tag="942" ind1=" " ind2=" ">
    <subfield code="2">ddc</subfield>
  </datafield>
  <datafield tag="999" ind1=" " ind2=" ">
    <subfield code="c">22223</subfield>
    <subfield code="d">22195</subfield>
  </datafield>
  <datafield tag="952" ind1=" " ind2=" ">
    <subfield code="0">0</subfield>
    <subfield code="1">0</subfield>
    <subfield code="2">ddc</subfield>
    <subfield code="4">0</subfield>
    <subfield code="7">0</subfield>
    <subfield code="8">Baccah</subfield>
    <subfield code="a">MAIN</subfield>
    <subfield code="b">MAIN</subfield>
    <subfield code="c">1ST</subfield>
    <subfield code="d">2016-08-24</subfield>
    <subfield code="e">Purchase</subfield>
    <subfield code="g">570.00</subfield>
    <subfield code="h">25140</subfield>
    <subfield code="l">1</subfield>
    <subfield code="m">33</subfield>
    <subfield code="o">338.5 BAN</subfield>
    <subfield code="p">000033341</subfield>
    <subfield code="r">2025-07-15 00:00:00</subfield>
    <subfield code="s">2019-03-03</subfield>
    <subfield code="v">712.50</subfield>
    <subfield code="y">BB</subfield>
  </datafield>
</record>
